Culture - cinéma #2 - Acteurs et actrices - Statistiques

Statistiques générales
  • Ce quiz a été pris 82 fois
  • Le résultat moyen est 27 sur 80
Statistiques - réponses
Question Réponse % Correct
Parmi eux, qui a le plus tourné sous la direction de David Fincher ? Jared Leto / Brad Pitt / Tilda Swinton / Michael Douglas
59%
Quel film a été réalisé par Sean Penn ? L'Impasse (1993) / Gangster Squad (2013) / Boyhood (2014) / Into the wild (2007)
59%
Michael Madsen ? Tu vois pas qui c'est ? Mais si, il a joué dans... Le Silence des agneaux (1991) / Reservoir Dogs (1992) / True Romance (1993) / Jurassic Park (1993)
59%
Anne Hathaway ? Tu vois pas qui c'est ? Mais si, elle a joué dans... Edward aux mains d'argent (1990) / Interstellar (2014) / Shining (1980) / Forrest Gump (1994)
59%
Qui est le seul acteur français à avoir remporté l'Oscar du meilleur acteur ? Gérard Depardieu / Jean Dujardin / François Cluzet / Vincent Cassel
59%
Dans quel film John Malkovich n'a-t-il pas joué ? Au nom du père (1993)
59%
Dans quel film Gérard Depardieu n'a-t-il pas joué ? Cinema Paradiso (1988)
59%
Dans quel film Edward Norton n'a-t-il pas joué ? Zodiac (2007)
59%
Qui n'a pas eu l'Oscar du meilleur acteur ? Jack Nicholson / Robert De Niro / Jamie Foxx / Sylvester Stallone
53%
À l'âge de 37 ans, l'acteur français Gaspard Ulliel est décédé, comment ? Accident de ski.
53%
Quelle actrice incarne Adèle dans "La Vie d'Adèle" (2013) ? Adèle Exarchopoulos
53%
Dans quel film Meryl Streep n'a-t-elle pas joué ? Big Fish (2003)
53%
Philip Seymour Hoffman ? Tu vois pas qui c'est ? Mais si, il a joué dans... Truman Capote (2005) / Eyes Wide Shut (1999) / O brother (2000) / American Gangster (2007)
47%
Dans quel film Robert De Niro n'a-t-il pas joué ? Donnie Brasco (1997)
47%
Dans quel film Jack Nicholson n'a-t-il pas joué ? The Thing (1982)
47%
Quel acteur incarne Aragorn dans la trilogie "Le Seigneur des anneaux" ? Viggo Mortensen
47%
Parmi eux, qui a le plus tourné sous la direction de Tim Burton ? Johnny Depp / Danny DeVito / Michael Keaton / Helena Bonham Carter
41%
Parmi eux, qui a le plus tourné sous la direction de Quentin Tarantino ? Samuel L. Jackson / Uma Thurman / Tim Roth / Harvey Keitel
41%
Parmi eux, qui a le plus tourné sous la direction de Steven Spielberg ? Richard Dreyfuss / Harrison Ford / Tom Cruise / Tom Hanks
41%
Parmi eux, qui a le plus tourné sous la direction de Christopher Nolan ? Cillian Murphy / Gary Oldman / Michael Caine / Christian Bale
41%
Quel film a été réalisé par Robert de Niro ? Il était une fois en Amérique (1984) / Les Incorruptibles (1987) / Les Nerfs à vif (1991) / Il était une fois le Bronx (1993)
41%
Qui a refusé son Oscar ? Marlon Brando / Sean Penn / Joaquin Phoenix / Michael Douglas
41%
Jeff Bridges ? Tu vois pas qui c'est ? Mais si, il a joué dans... Apocalypse Now (1979) / There Will Be Blood (2007) / Sans plus attendre (2007) / The Big Lebowski (1998)
41%
Talia Shire ? Tu vois pas qui c'est ? Mais si, elle a joué dans... Rocky (1976) / Orange Mécanique (1973) / Batman : The Dark Knight (2008) / Se7en (1995)
41%
Dans quel film Vincent Cassel n'a-t-il pas joué ? 99 Francs (2007)
41%
Quel acteur incarne le T-800 dans "Terminator" (1984) ? Arnold Schwarzenegger
41%
It smells like USA in this room. Who isn't British like us ? It's me sorry I love legal weapons... (Joseph Gordon-Levitt)
41%
Quelle actrice incarne la Veuve noire dans "Avengers" (2012) ? Scarlett Johansson
41%
Parmi eux, qui a le plus tourné sous la direction de Martin Scorsese ? Harvey Keitel / Leonardo Dicaprio / Robert De Niro / Joe Pesci
35%
Qui n'apparaît pas dans "Inception" (2010) ? Cillian Murphy / Michael Caine / Tom Hardy / Casey Affleck
35%
Qui n'apparaît pas dans "Once Upon a Time... in Hollywood" (2019) ? Margot Robbie / Austin Butler / Al Pacino / Quentin Tarantino
35%
Quel film a été réalisé par Jean Yanne ? Nous ne vieillirons pas ensemble (1972) / Les Acteurs (2000) / Deux heures moins le quart avant Jésus-Christ (1982) / Le Hussard sur le toit (1995)
35%
Brad Davis ? Tu vois pas qui c'est ? Mais si, il a joué dans... Batman (1989) / Brazil (1985) / American History X (1998) / Midnight Express (1978)
35%
Michel Piccoli ? Tu vois pas qui c'est ? Mais si, il a joué dans... Les Tontons Flingueurs (1963) / La Grande Bouffe (1973) / Le Vieux Fusil (1975) / Les Misérables (1982)
35%
Paul Préboist ? Tu vois pas qui c'est ? C'est pas grave, mais il a joué dans... Un prophète (2009) / La Folie des Grandeurs (1971) / La Pianiste (2001) / Le Grand Bleu (1988)
35%
Helen Hunt ? Tu vois pas qui c'est ? Mais si, elle a joué dans... Million Dollar Baby (2004) / Seul au monde (2000) / Don't Look Up (2021) / The Tree of Life (2011)
35%
Pendant le tournage de "The Crow" (1994), à l'âge de 28 ans, Brandon Lee est décédé, comment ? Accident de tir sur le tournage.
35%
Dans quel film Morgan Freeman n'a-t-il pas joué ? American Gangster (2007)
35%
Dans quel film Kirsten Dunst n'a-t-elle pas joué ? Baby Driver (2017)
35%
Ça sent pas l'Australie partout ici. Laquelle de vous n'est pas Australienne ? C'est moi désolée... (Kathy Bates)
35%
Qui est le plus vieux ? Clint Eastwood
35%
Dans quel film Emma Stone n'a-t-elle pas joué ? Dark Shadows (2012)
35%
Quelle actrice incarne Sara Goldfarb dans "Requiem for a dream" (2000) ? Ellen Burstyn
35%
It smells like USA in this room. Who isn't British like us ? It's me sorry I love capitalism... (Jennifer Connelly)
35%
Dans quel film Mel Gibson n'a-t-il pas joué ? La Passion du Christ (2004)
35%
À l'âge de 23 ans, l'acteur américain River Phoenix est décédé, comment ? Overdose dans une boîte de nuit.
35%
Parmi eux, qui a le plus tourné sous la direction de Bertrand Blier ? Anouk Grinberg / Gérard Depardieu / Jean-Pierre Marielle / Patrick Dewaere
29%
Quel film a été réalisé par Kevin Costner ? The Bodyguard (1992) / Danse avec les loups (1990) / Robin des Bois : Prince des voleurs (1991) / JFK (1991)
29%
Michèle Mercier ? Tu vois pas qui c'est ? Mais si, elle a joué dans... Don Camillo (1952) / Le Jour se lève (1939) / Angélique, marquise des anges (1964) / Autant en emporte le vent (1939)
29%
Qui c'est le plus vieux ? Johnny Depp
29%
Dans quel film Gary Oldman n'a-t-il pas joué ? Kingdom of Heaven (2005)
29%
Dans quel film Sharon Stone n'a-t-elle pas joué ? Wall Street (1987)
29%
Parmi eux, qui a le plus tourné sous la direction de Lars von Trier ? Charlotte Gainsbourg / Stellan Skarsgård / Willem Dafoe / Uma Thurman
24%
Qui n'apparaît pas dans "Pulp Fiction" (1994) ? Steve Buscemi / Christopher Walken / Michael Madsen / Quentin Tarantino
24%
Quel film a été réalisé par George Clooney ? Monuments Men (2014) / Michael Clayton (2007) / Ticket to Paradise (2022) / The Descendants (2011)
24%
Qui n'a pas eu l'Oscar du meilleur acteur dans un second rôle ? John Malkovich / Joe Pesci / Michael Caine / Tommy Lee Jones
24%
Brad Dourif ? Tu vois pas qui c'est ? Mais si, il a joué dans... Mulholland Drive (2001) / Vol au-dessus d'un nid de coucou (1975) / Pirates des Caraïbes : la Malédiction du Black Pearl (2003) / Rain Man (1988)
24%
François Berléand ? Tu vois pas qui c'est ? Mais si, il a joué dans... Le Père Noël est une ordure (1982) / Taxi (1998) / L'Auberge Espagnole (2002) / Les Choristes (2004)
24%
Hugo Weaving ? Tu vois pas qui c'est ? Mais si, il a joué dans... Matrix (1999) / Gladiator (2000) / Les 8 Salopards (2015) / Harry Potter et la Coupe de Feu (2005)
24%
Glenn Close ? Tu vois pas qui c'est ? Mais si, elle a joué dans... Les Liaisons Dangereuses (1988) / Kramer vs Kramer (1979) / Princess Bride (1987) / Point Break (1991)
24%
Qui c'est le plus vieux ? Al Pacino
24%
Ça sent pas l'Australie partout ici. Lequel de vous n'est pas Australien ? C'est moi désolé... (Patrick Swayze)
24%
Dans quel film Al Pacino n'a-t-il pas joué ? Il était une fois en Amérique (1984)
24%
Dans quel film Léa Seydoux n'a-t-elle pas joué ? Skyfall (2012)
24%
Parmi eux, qui a le plus tourné sous la direction de Wes Anderson ? Ralph Fiennes / Adrien Brody / Willem Dafoe / Owen Wilson
18%
Qui n'apparaît pas dans "La Ligne Rouge" (1998) ? Kevin Bacon / George Clooney / Jared Leto / Adrien Brody
18%
Qui n'a pas eu l'Oscar de la meilleure actrice ? Kate Winslet / Jennifer Lawrence / Michelle Pfeiffer / Nicole Kidman
18%
Qui n'a pas eu l'Oscar de la meilleure actrice dans un second rôle ? Meryl Streep / Angelina Jolie / Uma Thurman / Jennifer Connelly
18%
Brendan Gleeson ? Tu vois pas qui c'est ? Mais si, il a joué dans... Le Loup de Wall Street (2013) / Incassable (2000) / Braveheart (1995) / Terminator (1984)
18%
Qui c'est le plus vieux ? Benoit Poelvoorde
18%
Dans quel film Jodie Foster n'a-t-elle pas joué ? Hannibal (2001)
18%
Pendant le tournage de "L'Imaginarium du docteur Parnassus" (2009), à l'âge de 28 ans, Heath Ledger est décédé, comment ? Intoxication par ingestion de médicaments.
18%
Qui c'est le plus vieux ? Matt Damon
18%
Dans quel film Monica Bellucci n'a-t-elle pas joué ? Un héros très discret (1996)
18%
Dans quel film Miou-miou n'a-t-elle pas joué ? Uranus (1990)
18%
Parmi eux, qui a le plus tourné sous la direction de Quentin Dupieux ? Eric Judor / Grégoire Ludig / Raphaël Quenard / Alain Chabat
12%
Qui n'apparaît pas dans "The Grand Budapest Hotel" (2014) ? Jude Law / Diane Kruger / Léa Seydoux / Jeff Goldblum
12%
Dans quel film Marion Cotillard n'a-t-elle pas joué ? La Crise (1992)
12%
À l'âge de 35 ans, l'acteur français Patrick Dewaere est décédé, comment ? Suicide par balle.
12%
Dans quel film Helena Bonham Carter n'a-t-elle pas joué ? Sleepy Hollow (1999)
6%
Aucun quiz correspondant
Distribution des résultats
% des personnes avec chaque résultat
Percentile par nombre de réponses
Votre historique - résultats
Vous n’avez pas pris ce quiz